| 000 | 00694cam a22002053a 4500 | ||
|---|---|---|---|
| 001 | 39787 | ||
| 003 | PGUSA | ||
| 005 | 20140828083903.0 | ||
| 008 | 120524s2012||||xxu|||||s|||||000 | eng d | ||
| 040 |
_aPGUSA _beng |
||
| 042 | _adc | ||
| 100 | 1 |
_aOrczy, Emmuska Orczy, Baroness, _d1865-1947 |
|
| 245 | 1 | 0 |
_aHis Majesty's Well-Beloved : _bAn Episode in the Life of Mr. Thomas Betteron as told by His Friend John Honeywood _h[electronic resource] / _cEmmuska Orczy, Baroness Orczy |
| 260 |
_bProject Gutenberg, _c2012 |
||
| 506 | _aPublic domain in the USA. | ||
| 516 | _aElectronic text | ||
| 830 | 0 |
_aProject Gutenberg _v39787 |
|
| 856 | 4 | 0 | _uhttp://www.gutenberg.org/ebooks/39787 |
| 942 | _cEB | ||
| 999 |
_c269040 _d269040 |
||